Statistics for Katakana Alphabet

Click here to take the quiz!

General Stats

  • This quiz has been taken 374 times
  • The average score is 36 of 47

Answer Stats

KatakanaLatin% Correct
a
97%
ka
90%
sa
86%
i
83%
ki
82%
ta
82%
shi
81%
ha
80%
ni
80%
ri
80%
ya
80%
ra
79%
ma
78%
mi
78%
na
78%
su
78%
e
77%
u
77%
wa
77%
hi
76%
chi
75%
he
75%
ku
75%
o
75%
se
75%
ke
74%
ko
74%
mu
74%
ro
74%
ru
74%
me
73%
te
73%
to
73%
tsu
73%
yu
73%
ho
72%
mo
72%
ne
72%
so
72%
no
71%
nu
71%
re
71%
yo
71%
fu
70%
wo
66%
wi
60%
we
58%

Score Distribution

Percentile by Number Answered

Percent of People with Each Score

Your Score History

You have not taken this quiz